00582nam a22002297a 450000500170000001000130001702000100003003500130004003700160005304000120006908200150008110000200009624500760011625000160019226000330020827000110024130000280025250000190028065000170029965000170031670000190033320170124110151.0 aA-408387 c00.00 aA-408387 bCen Lib/Ret aDPLbEN a617.6bKUR aKurlyandsky, V. aOrthopaedic stomatology /cby V. Kurlyandsky; translated by L. Aksenova a2nd rev ed. aMoscowbMir Publishersc1977 bMoscow a587p. :c22cm(Hb)bill. aIncludes index aOrthodontics a Stomatology a Aksenova, L.